00957 2200337 4500001002100000005001500021035002000036007000300056040001700059100002800076245008200104250001000186300003600196504002800232020002200260041000800282082001000290084001600300090002100316264003400337336002100371337003000392338002300422500002900445650001400474700005000488850001000538008004100548990001500589990001500604INLIS00000000000827220260526115027 a0010-0922000761ta aSBPUPADbind0 aImam RasjidiePengarang1 aVaksin Human Papilloma Virus dan Eradikasi Kanker Mulut Rahim /cImam Rasjidi acet.1 axii, 86 hlm :bilus. ;c20,5 cm aBibliografi, hlm. 83-85 a978-979-3288-23-907aind a616.9 a616.9 IMA v a616.9 IMA v 18-2 aJakarta :bSagung Seto,c2007 2rdacontentateks 2rdamediaatanpa perantara 2rdacarrieravolume aTentang Penulis, hlm. 86 4aKesehatan0 aPengarang ke-2, Henri SulistiyantoePengarang aPUPAD260526 0  a947/B/2013 a946/B/2013